Gminy w Powiatach na literę T - Statystyki

Ogólne statystyki
  • Ten quiz został rozwiązany 21 razy
  • Średni wynik to 20 z 89
Statystyki odpowiedzi
Powiaty Gminy % Poprawnych
tczewski Tczew
79%
tomaszowski (łódzkie) Tomaszów Mazowiecki
79%
Tarnów
74%
tarnogórski Tarnowskie Góry
74%
tomaszowski (lubelskie) Tomaszów Lubelski
74%
turecki Turek
74%
trzebnicki Trzebnica
68%
tucholski Tuchola
68%
tatrzański Zakopane
68%
tarnobrzeski Baranów Sandomierski
53%
Lubycza Królewska
42%
Poronin
42%
Biały Dunajec
37%
Żmigród
37%
Bełżec
32%
Bukowina Tatrzańska
32%
Lubicz
32%
Malanów
32%
Wojnicz
32%
Zławieś Wielka
32%
Będków
26%
Gorzyce
26%
Pelplin
26%
Prusice
26%
Tuchów
26%
Zakliczyn
26%
Brudzew
21%
toruński Chełmża
21%
Czerniewice
21%
Czernikowo
21%
Jarczów
21%
Kalety
21%
Kościelisko
21%
Lisia Góra
21%
Łubianka
21%
Lubochnia
21%
Łysomice
21%
Obrowo
21%
Ryglice
21%
Rzeczyca
21%
Wielka Nieszawka
21%
Wisznia Mała
21%
Żabno
21%
Budziszewice
16%
Grębów
16%
Gromnik
16%
Inowłódz
16%
Miasteczko Śląskie
16%
Nowa Dęba
16%
Oborniki Śląskie
16%
Radłów
16%
Rokiciny
16%
Skrzyszów
16%
Susiec
16%
Tarnawatka
16%
Ujazd
16%
tarnowski Ciężkowice
11%
Gniew
11%
Gostycyn
11%
Krupski Młyn
11%
Łaszczów
11%
Morzeszczyn
11%
Radzionków
11%
Rzepiennik Strzyżewski
11%
Subkowy
11%
Świerklaniec
11%
Telatyn
11%
Tworóg
11%
Tyszowce
11%
Ulhówek
11%
Wierzchosławice
11%
Żelechlinek
11%
Cekcyn
5%
Dobra
5%
Kawęczyn
5%
Kęsowo
5%
Krynice
5%
Lubiewo
5%
Ożarowice
5%
Pleśna
5%
Przykona
5%
Rachanie
5%
Śliwice
5%
Szerzyny
5%
Tuliszków
5%
Wietrzychowice
5%
Władysławów
5%
Zawonia
5%
Zbrosławice
5%
Nie znaleziono quizów pasujących do podanych kryteriów
Rozkład punktacji
Procent ludzi z każdym wynikiem
Percentyl według liczby udzielonych odpowiedzi
Twoja historia wyników
Nie rozwiązałeś tego quizu